00362cam a2200157ua 45000010005000000080039000050400009000440820013000531000021000662450030000872500009001172600033001263000016001596530018001756530011001934046111213n ii |||gr||||Z||||||asm cMAIN a891.45111 aDevi, Nistarini,11aAnjalicby Nistarini Devi a1st. aJorhat:bTapan bordoloi,994. a52p:c23cm. aAssamese poem aAnjali